skbl

Dr Suryya Kumar Bhuyan Library Web-OPAC
ডঃ সূৰ্য্য
কুমাৰ ভূঞা পুথিভঁৰাল ৱেব-অ'পেক

All Research Scholars are advised to clear the annual library fees to continue using Library Resources, Remote Access, Plagiarism Test and Library Clearance.

Cotton University Book Fair 2026

Upabhasa Bijyan / (Record no. 9376)

MARC details
000 -LEADER
fixed length control field 00504nam a2200193Ia 4500
001 - CONTROL NUMBER
control field 9389
008 - FIXED-LENGTH DATA ELEMENTS--GENERAL INFORMATION
fixed length control field 220621s2007 ii g b000 u 465 u
020 ## - INTERNATIONAL STANDARD BOOK NUMBER
International Standard Book Number 81-86494-45-6
082 ## - DEWEY DECIMAL CLASSIFICATION NUMBER
Classification number 491.41
100 ## - MAIN ENTRY--PERSONAL NAME
Personal name Moral, Dipankar .
245 #0 - TITLE STATEMENT
Title Upabhasa Bijyan /
Statement of responsibility, etc. Dipankar Moral.
Medium Textual Documents
250 ## - EDITION STATEMENT
Edition statement 3rd ed. /
260 ## - PUBLICATION, DISTRIBUTION, ETC.
Place of publication, distribution, etc. Guwahati :
Name of publisher, distributor, etc. Student`s Stores ,
Date of publication, distribution, etc. 2007.
300 ## - PHYSICAL DESCRIPTION
Extent 98p. ;
Dimensions 22cm.
653 ## - INDEX TERM--UNCONTROLLED
Uncontrolled term Assamese Language
653 ## - INDEX TERM--UNCONTROLLED
Uncontrolled term MS-Assamese
653 ## - INDEX TERM--UNCONTROLLED
Uncontrolled term MS-Language
942 ## - ADDED ENTRY ELEMENTS (KOHA)
Source of classification or shelving scheme Dewey Decimal Classification
Koha item type Books
Holdings
Withdrawn status Lost status Damaged status Not for loan Home library Current library Shelving location Date acquired Coded location qualifier Cost, normal purchase price Total checkouts Full call number Barcode Date last seen Copy number Price effective from Koha item type Date last checked out
        Dr. Suryya Kumar Bhuyan Library Dr. Suryya Kumar Bhuyan Library   01/02/2012 00000 70.00   491.41 Mo 792 Up 92284 13/01/2024 3 01/02/2012 Books  
        Dr. Suryya Kumar Bhuyan Library Dr. Suryya Kumar Bhuyan Library   01/02/2012 00000 70.00 1 491.41 Mo 792 Up 3350/cu/ass 02/04/2026 4 01/02/2012 Books 25/02/2026
        Dr. Suryya Kumar Bhuyan Library Dr. Suryya Kumar Bhuyan Library   01/02/2012 00000 70.00   491.41 Mo 792 Up 4902/As 13/01/2024 1 01/02/2012 Books  
        Dr. Suryya Kumar Bhuyan Library Dr. Suryya Kumar Bhuyan Library   01/02/2012 00000 70.00 2 491.41 Mo 792 Up 5466/As 13/10/2025 2 01/02/2012 Books 15/05/2025

Designed and Maintained by Team SKBL
©1901-2026

Powered by Koha